[Event "GAMMA Reykjavik Open 2019"]
[Site "Reykjavik"]
[Date "2019.04.15"]
[Round "8.8"]
[White "Kevlishvili, Robby"]
[Black "Movsesian, Sergei"]
[Result "1/2-1/2"]
[WhiteElo "2451"]
[BlackElo "2637"]
[Annotator "TA"]
[PlyCount "83"]
[EventDate "2019.04.04"]
[EventType "swiss"]
[EventCountry "ISL"]
[SourceTitle "playchess.com"]
[Source "ChessBase"]
[SourceQuality "1"]

{[%evp 15,83,0,17,0,-6,0,27,1,14,0,18,15,8,-12,0,-26,-17,-31,-28,-41,-42,-63,-54,-68,-72,-74,-14,-14,-14,-15,-15,-15,-15,-15,-15,-15,-15,-15,-29,-46,-45,-47,-37,-37,-39,-47,-45,-43,-38,-42,-8,-10,-7,-11,-11,-11,-11,-11,-11,-57,0,-11,-7,-21,-4,-6,0,0,0,-35]} 1. e4 c5 2. Nf3 e6 3. d4 cxd4 4. Nxd4 Nc6 5. Nc3 Qc7 6. Be3 a6 7. Nxc6 bxc6 {B48: Sicilian: Taimanov: 5 Nc3 Qc7 6 Be3 a6 without Be2} 8. Qf3 Nf6 {LiveBook: 4 Games} 9. Qg3 (9. Bd3 Rb8 10. O-O Bd6 11. Qh3 Rxb2 12. Na4 Rb4 13. Nc5 Qa5 14. Nb3 Qh5 15. Qxh5 Nxh5 {0-1 (63) Devereaux,M (2370)-Vitiugov,N (2732) Caleta 2018}) 9... Qxg3 $146 ({Predecessor:} 9... Qb8) 10. hxg3 d5 11. Bd3 Rb8 12. exd5 cxd5 13. O-O-O Bd6 14. f4 Ke7 15. Bd4 h5 16. a3 Bb7 17. Rdf1 g6 18. Na4 Bc6 19. Nc5 a5 20. Re1 Rhc8 (20... Bb5 $17) 21. f5 $1 $11 {[%cal Rf5g6]} Bxg3 22. fxe6 Ne4 23. exf7 {[#] And now Ref1 would win.} Bxe1 24. Rxe1 Kxf7 {aiming for ...Nxc5.} 25. Nxe4 dxe4 26. Bc4+ Ke8 27. Be5 Ra8 28. Rf1 Ba4 29. b3 Rxc4 30. bxc4 $15 {[%mdl 4096] Endgame KRB-KRB} Rc8 31. Bd4 Rxc4 32. c3 Ke7 33. Kd2 Rc6 34. Rb1 Ke6 35. Ke3 Kf5 36. Rb7 Ra6 37. Rb6 Ra8 (37... Rxb6 $15 38. Bxb6 Kg4) 38. Rf6+ {The position is equal.} Kg5 39. Kxe4 Bc2+ 40. Kf3 a4 41. Rf7 Bd1+ 42. Ke4 {Precision: White = 49%, Black = 59%.} 1/2-1/2

[Event "GAMMA Reykjavik Open 2019"]
[Site "Reykjavik"]
[Date "2019.04.15"]
[Round "8.9"]
[White "Potkin, Vladimir"]
[Black "Salomon, Johan"]
[Result "0-1"]
[WhiteElo "2597"]
[BlackElo "2495"]
[Annotator "TA"]
[PlyCount "108"]
[EventDate "2019.04.04"]
[EventType "swiss"]
[EventCountry "ISL"]
[SourceTitle "playchess.com"]
[Source "ChessBase"]
[SourceQuality "1"]

{[%evp 19,108,0,0,0,0,0,0,0,0,-31,-42,-27,-21,-18,-15,-33,-31,-38,-21,-21,-20,-17,-22,-35,-29,-82,-82,-84,-79,-81,-81,-79,-75,-81,-75,-96,-96,-97,-95,-104,-74,-90,-84,-82,-82,-81,-79,-82,-82,-82,-82,-92,-91,-109,-100,-135,-90,-139,-132,-143,-143,-172,-161,-249,-242,-258,-218,-241,-242,-252,-258,-245,-244,-257,-239,-261,-238,-244,-245,-532,-527,-512,-512,-529,-500,-573,-531,-523,-523,-496,-456]} 1. d4 Nf6 2. c4 e6 3. Nc3 Bb4 4. e3 O-O 5. Bd3 d5 6. Nf3 dxc4 7. Bxc4 c5 8. O-O cxd4 9. exd4 b6 10. Re1 Bb7 11. Bd3 {E54: Nimzo-Indian: Rubinstein: Main Line: 7...dxc4 8 Bxc4} Nc6 {[%cal Bb8c6,Bc6a5,Ba5b3][%mdl 32]} 12. a3 Bxc3 13. bxc3 {The position is equal.} Rc8 14. c4 Na5 15. Ne5 Nd7 $1 16. Qh5 {[%csl Gd3][%cal Rh5h7]} g6 17. Qh3 $1 Nxe5 18. dxe5 Nb3 $1 {[%cal Rb3a1]} 19. Bxg6 $1 fxg6 20. Qxb3 {[#]} Qd4 $146 {[%mdl 128] Black mounts an attack.} 21. Ra2 Rxc4 {( -> ...Qe4!)} 22. Bh6 {[#]} (22. Qg3 $11) 22... Qd5 $1 $17 {[%csl Gb7][%cal Rd5g2][%mdl 512]} 23. Qg3 {[#]} Rc3 $1 {[%cal Rc3g3][%mdl 512]} 24. Rd2 (24. Qxc3 Qxg2#) 24... Rxg3 {[%csl Gb7,Gg3][%cal Rd5g2]} 25. Rxd5 {[#]} Rxg2+ $1 {[%mdl 512]} 26. Kxg2 Bxd5+ {[%mdl 4096] Endgame KRB-KRB} 27. Kf1 Bc4+ 28. Kg2 Rd8 29. Kf3 Kf7 30. Ke4 Ke8 31. Be3 Kd7 32. Rc1 Bd5+ 33. Kd4 Rf8 34. f4 Bc6 35. h4 Kc7 36. Kc3 Rd8 37. Bd4 Kb7 38. Rc2 Rd5 39. Rd2 Ra5 40. Kb2 Rb5+ 41. Kc1 (41. Kc3 {was called for.}) 41... Rb3 $19 42. Bb2 Kc7 43. Rh2 h5 44. Kc2 Rg3 45. Bc1 Be4+ 46. Kb2 a5 47. Bd2 Kc6 48. Re2 Bd5 49. a4 $2 (49. Re3 Rg2 50. Kc1) 49... Rb3+ {Black is clearly winning.} 50. Kc1 Ra3 51. Re3 Rxa4 52. Rg3 Be4 53. Rc3+ Kb7 54. Be3 Bd5 {Accuracy: White = 46%, Black = 88%.} 0-1

[Event "GAMMA Reykjavik Open 2019"]
[Site "Reykjavik"]
[Date "2019.04.15"]
[Round "8.10"]
[White "Gretarsson, Hjorvar Steinn"]
[Black "Libiszewski, Fabien"]
[Result "0-1"]
[WhiteElo "2571"]
[BlackElo "2488"]
[Annotator "TA"]
[PlyCount "90"]
[EventDate "2019.04.04"]
[EventType "swiss"]
[EventCountry "ISL"]
[SourceTitle "playchess.com"]
[Source "ChessBase"]
[SourceQuality "1"]

{[%evp 9,90,23,39,39,39,28,23,0,50,3,10,0,23,0,0,5,9,0,10,-13,7,0,20,20,22,20,24,24,27,20,30,27,32,30,33,39,113,113,113,109,29996,109,109,109,109,109,151,135,137,109,109,109,114,0,0,0,0,0,0,0,10,0,0,0,0,0,0,-28,-36,-532,-532,-532,-500,-563,-548,-551,-571,-562,-548,-571,-532,-606,-554]} 1. d4 d5 2. c4 e6 3. Nc3 a6 4. cxd5 exd5 5. Nf3 h6 6. Bf4 {D31: Queen's Gambit Declined: Semi-Slav without ...Nf6 (+ Marshall Gambit and Noteboom) and Exchange Variation lines without ...Nf6} Nf6 7. e3 Bd6 8. Bg3 $146 {White has an edge.} ({Predecessor:} 8. Bxd6 Qxd6 9. Qc2 O-O 10. Bd3 Re8 11. h3 Be6 12. O-O Nbd7 13. a4 {½-½ (40) Shankland,S (2725)-Carlsen,M (2835) Wijk aan Zee 2019}) 8... Bf5 9. Bd3 Bxd3 10. Qxd3 Qe7 11. Ne5 Nbd7 12. Nxd7 Qxd7 13. Be5 Ng4 14. f4 Nxe5 15. fxe5 Bb4 16. O-O Bxc3 17. bxc3 b5 18. Rf3 O-O 19. Raf1 Rae8 20. Rg3 Re6 21. Qf5 Qc6 22. h4 g6 (22... Qe8 $1 $14) 23. h5 $16 g5 24. Rgf3 Kg7 $2 {[%mdl 8192] [#]} (24... a5 $16) 25. Qg4 $2 (25. Qxf7+ $1 {[%mdl 512] mates} Rxf7 26. Rxf7+ Kg8 27. Rf8+ Kh7 28. R1f7#) 25... a5 26. a3 a4 27. R1f2 Kg8 ({Not} 27... Qxc3 $2 {[#]} 28. Qxe6 $3 {[%mdl 512]} fxe6 29. Rxf8 $18) 28. Kh2 Kg7 29. Rf1 Qe8 30. Rf6 Qe7 31. R1f5 ({White should play} 31. Qf5 $16) 31... Qxa3 $11 32. Qf3 {[%cal Rf6f7]} Qe7 33. Qxd5 c6 34. Qa2 a3 35. e4 Kg8 36. Rf1 Ra8 37. R6f5 Qc7 38. d5 ({Much less strong is} 38. Rxf7 Qxf7 39. Rxf7 Kxf7 $16) 38... Rxe5 39. Rxf7 $2 {[%mdl 8192]} (39. d6 $1 $15 Rxf5 40. dxc7 Rxf1 41. e5) 39... Re7+ $19 {[%mdl 64] Discovered Attack. Black is clearly winning.} 40. d6 Qxd6+ 41. Kg1 {Rf8+ would kill now.} Qe6 42. R7f2 Qxa2 43. Rxa2 Rxe4 44. Rb1 Kf7 45. Rb3 Rea4 {Accuracy: White = 53%, Black = 51%.} 0-1

[Event "GAMMA Reykjavik Open 2019"]
[Site "Reykjavik"]
[Date "2019.04.15"]
[Round "8.11"]
[White "Djukic, Nikola"]
[Black "Prithu Gupta"]
[Result "0-1"]
[WhiteElo "2566"]
[BlackElo "2478"]
[Annotator "TA"]
[PlyCount "74"]
[EventDate "2019.04.04"]
[EventType "swiss"]
[EventCountry "ISL"]
[SourceTitle "playchess.com"]
[Source "ChessBase"]
[SourceQuality "1"]

{[%evp 18,74,23,28,10,22,15,-10,-22,-18,-12,-56,-54,-57,-35,-71,-66,-62,-61,-68,-71,-184,-179,-190,-182,-220,-229,-216,-233,-229,-216,-258,-105,-156,-149,-142,-93,-226,-236,-212,-228,-224,-233,-587,-141,-572,-573,-706,-741,-876,-856,-827,-827,-811,-782,-29993,-29994,-29994,-29995]} 1. e4 e5 2. Nf3 Nc6 3. Bb5 g6 4. c3 {[%cal Bc2c3,Bc3d4,Bd4d5,Bd5d6][%mdl 32]} a6 5. Ba4 Bg7 6. d4 {C70: Ruy Lopez: 3...a6 4 Ba4, Norwegian and Delayed Schliemann} exd4 7. cxd4 b5 8. Bb3 (8. Bc2 d6 9. d5 Na5 10. O-O Ne7 11. Bd2 Bxb2 12. Bxa5 Bxa1 13. Nc3 {1-0 (24) Navara,D (2733)-Salgado Lopez,I (2624) Germany 2019}) 8... Nge7 9. d5 Na5 10. Bd2 {LiveBook: 79 Games} Nxb3 11. Qxb3 c5 12. Bc3 f6 $1 {[%cal Bf7f6,Bf6f5,Bf5f4][%mdl 32]} 13. d6 Nc6 14. Qd5 $146 b4 $1 {[%cal Rb4c3]} 15. Bd2 Bb7 $1 16. Qxc5 f5 17. e5 Rc8 $1 18. Qe3 $1 g5 19. Nxg5 (19. O-O $17 g4 20. Nd4) 19... f4 $1 $19 {[%cal Rf4e3]} 20. Qxf4 {[%csl Gg5][%cal Rf4f7]} Nxe5 {Strongly threatening ...Nd3+.} 21. O-O {And now Re1 would win.} Rc4 22. Qf5 Qf6 $1 {[%cal Rf6f5]} 23. Qxf6 Bxf6 24. f3 Nd3 (24... Rc2 $19 {and Black stays clearly on top. aiming for ...0-0.} 25. Bxb4 Rg8) 25. Be3 $17 {next Nd2 is good for White.} Rg8 $36 {[%mdl 2048] Black has strong initiative.} 26. Nd2 Rc2 27. Nh3 (27. h4 $17 {was worth a try.}) 27... Bxb2 $19 28. Rad1 {[#]} Bc3 $1 29. Nf2 Ne5 {Hoping for ...Bxd2.} 30. Nde4 $2 (30. Ng4 {was the crucial defense.} Nxg4 31. fxg4) 30... Nxf3+ 31. Kh1 {[#]} Nh4 $1 32. Bg5 Nxg2 33. Kxg2 Bxe4+ 34. Kh3 Bf5+ 35. Kh4 h6 36. Bf4 Bf6+ 37. Kh5 Rc5 {Precision: White = 39%, Black = 87%.} 0-1

[Event "GAMMA Reykjavik Open 2019"]
[Site "Reykjavik"]
[Date "2019.04.15"]
[Round "8.12"]
[White "Gukesh D"]
[Black "Kjartansson, Gudmundur"]
[Result "0-1"]
[WhiteElo "2536"]
[BlackElo "2444"]
[Annotator "TA"]
[PlyCount "84"]
[EventDate "2019.04.04"]
[EventType "swiss"]
[EventCountry "ISL"]
[SourceTitle "playchess.com"]
[Source "ChessBase"]
[SourceQuality "1"]

{[%evp 10,84,0,0,0,0,16,0,0,0,10,9,15,0,13,0,21,18,27,43,22,25,16,8,10,8,8,0,0,0,0,0,0,0,7,0,26,0,0,-2,-10,-62,-55,-272,-272,-419,-412,-1417,-567,-1416,-958,-29989,-29988,-29988,-29989,-29989,-29989,-29992,-29992,-29992,-29991,-29990,-29990,-29990,-29989,-29988,-29989,-29989,-29982,-6287,-691,-29977,-5377,-29989,-29990,-29990,-29991]} 1. e4 e5 2. Nf3 Nf6 3. d3 Nc6 4. g3 Bc5 5. Bg2 d6 6. O-O O-O {C44: Ponziani Opening and Scotch Gambit} (6... h6 7. Nc3 a6 8. Be3 O-O 9. Bxc5 dxc5 10. Nd2 b5 11. a4 Rb8 12. axb5 axb5 13. Nd5 Be6 14. Ne3 Qd7 15. Nf3 Rfd8 16. b3 Ra8 17. Re1 g6 {0-1 (37) Naiditsch,A (2696)-Vidit,S (2669) Baku 2016}) 7. c3 Re8 8. a4 {Strongly threatening b4.} a5 {The position is equal.} 9. Na3 Ba7 $146 ({Predecessor:} 9... Bg4 10. Nc4 Qd7 11. Qe2 Rad8 12. Bg5 d5 13. exd5 Qxd5 14. Bxf6 gxf6 {1-0 (64) Nekhaev,A (2514)-Potrata,J (2286) ICCF email 2016}) 10. Re1 h6 11. Be3 Bxe3 12. Rxe3 d5 13. exd5 Nxd5 14. Re1 Nb6 15. Nb5 Re7 16. d4 {[%cal Rf3e5]} Bg4 {Threatens to win with ...e4.} 17. h3 Bxf3 $1 18. Bxf3 exd4 19. Bxc6 Rxe1+ 20. Qxe1 bxc6 21. Nxd4 Qd5 22. Qe2 Nc4 23. Re1 Nd6 24. Rf1 Rb8 25. Qa6 ({White should play} 25. Re1 $11) 25... Rxb2 $15 26. Nxc6 $2 (26. Qxc6 $15 Qxc6 27. Nxc6) 26... Kh7 $1 $19 27. Nxa5 (27. Nd4 $142) 27... Nf5 {And now ...Ne3 would win.} 28. c4 (28. Qc4 $142 Qxa5 29. Qxf7) 28... Qd2 (28... Qd3 $142 29. Qc6 Ne3 $1 {[%mdl 512]}) 29. Qa7 {[#]} Nxg3 $1 {[%mdl 512] ( -> ...Qd3)} 30. Ra1 (30. fxg3 Qh2#) 30... Ne2+ 31. Kh1 Nd4 32. Rf1 Qd3 33. Kg2 Qe4+ 34. Kh2 Qf4+ 35. Kg2 Nf5 36. Kg1 Nh4 37. Qa8 {[#]} c6 $1 {[%mdl 512]} 38. Qxc6 (38. Nxc6 Qg5+) 38... Qg5+ 39. Kh2 Qxa5 (39... Qe5+ $142 40. Kg1 Qf5) 40. c5 Qb4 (40... f5 $142 41. Kg1 Qc3 42. Qh1 Qxc5 43. a5 Qxa5 44. Qc6 Qa3 45. Kh2 Qd3 46. Qh1 f4 47. Qc6 Qg3+ 48. Kh1 Qxh3+ {[%mdl 64] Double Attack} 49. Kg1 {[#]} Rb6 $1 {[%mdl 512]} 50. Qe4+ Rg6+ 51. Qxg6+ Kxg6 52. Re1 Qg2#) 41. Qd5 Qf4+ 42. Kg1 Rd2 {Accuracy: White = 34%, Black = 56%.} 0-1

[Event "GAMMA Reykjavik Open 2019"]
[Site "Reykjavik"]
[Date "2019.04.15"]
[Round "8.13"]
[White "Sadzikowski, Daniel"]
[Black "Eggleston, David J"]
[Result "1-0"]
[WhiteElo "2523"]
[BlackElo "2401"]
[Annotator "TA"]
[PlyCount "119"]
[EventDate "2019.04.04"]
[EventType "swiss"]
[EventCountry "ISL"]
[SourceTitle "playchess.com"]
[Source "ChessBase"]
[SourceQuality "1"]

{[%evp 12,119,33,21,27,14,17,17,36,38,26,27,25,30,31,8,51,12,14,0,19,0,80,65,120,118,118,112,183,183,198,187,198,198,222,215,215,215,324,320,312,203,224,198,188,185,186,187,224,199,213,220,272,251,342,305,313,253,258,270,241,154,177,112,221,224,307,301,301,303,276,205,414,439,433,418,401,369,613,439,683,683,1650,1601,4763,2246,2914,1999,1776,1653,29975,29978,29978,29979,29978,29979,29981,29982,29985,29982,29982,29983,29984,29985,29994,29986,29986,29987,29987,29988]} 1. c4 Nf6 2. Nc3 e6 3. e4 d5 4. cxd5 exd5 5. e5 Ne4 6. Nf3 Nc6 7. Bb5 Be7 {A18: English Opening: Flohr-Mikenas System (1 c4 Nf6 2 Nc3 e6 3 e4)} 8. O-O O-O 9. Ne2 $146 ({Predecessor:} 9. d4 Bg4 10. h3 Bh5 11. Be3 f6 12. exf6 Bxf6 13. Be2 Kh8 14. Re1 Qd6 15. Nd2 Bg6 16. Bf3 Rae8 17. Nb3 Nb4 {½-½ (107) Le,Q (2714)-Peralta,F (2580) Caleta 2019}) 9... Bg4 {The position is equal.} 10. Bxc6 bxc6 11. Nfd4 {aiming for f3.} Bd7 12. d3 Nc5 $1 13. Qc2 Qe8 14. Nf4 Na6 15. Qa4 Nc5 16. Qa5 Qb8 (16... Rb8 $11 {keeps the balance.}) 17. Be3 $16 Ne6 {[#]} (17... Re8 $14) 18. Nfxe6 $1 fxe6 {[#]} 19. Nb3 $1 Re8 (19... Bb4 $16 20. Qa4 Be8) 20. Bc5 $18 a6 21. Rac1 Bg5 22. f4 Bh6 23. Rc2 Kh8 24. Nd4 Qb7 (24... g6 $142 25. g3 Qc8) 25. Qe1 g6 26. h4 Bf8 27. b3 a5 28. a4 Bxc5 29. Rxc5 Qb6 30. Qc3 Reb8 31. Kf2 Rf8 32. Ke2 Ra6 33. g4 Qb8 34. Ke3 (34. Rxa5 Rxa5 35. Qxa5 Qb6 $18) 34... Qd8 35. g5 ({Not} 35. Rxa5 Rxa5 36. Qxa5 Qxh4 $14) 35... Qe7 36. Ke2 h6 37. Qc1 ({Don't do} 37. Nxc6 $6 Rxc6 38. Rxc6 Bxc6 $16) (37. Rxa5 $18 Rxa5 38. Qxa5) 37... hxg5 (37... h5 $16 {was worth a try.}) 38. hxg5 Kg7 39. Rh1 Rh8 40. Rxh8 Kxh8 41. Kf3 Kg7 $2 (41... Qf8 {is a better defense.} 42. Nxc6 Bxc6) 42. Nxc6 Bxc6 43. Rxc6 Rxc6 44. Qxc6 {[%mdl 4096] Endgame KQ-KQ} Kf7 $2 (44... Qf7 45. Kg3 Kh7) 45. Qb5 c5 (45... Qa3 $142 46. Qc6 (46. Qxa5 Qc1 $16) 46... Qe7) 46. Qxa5 c4 47. dxc4 dxc4 48. bxc4 Qb7+ 49. Ke3 Qb3+ 50. Kd4 Qb2+ 51. Kc5 {White mates.} Qf2+ 52. Kb5 Qb2+ 53. Ka6 Qc2 54. Qc7+ Ke8 55. Qc6+ {[%mdl 64] Double Attack} Kd8 56. Qd6+ Kc8 57. Qxe6+ Kb8 58. Qb6+ Kc8 59. Qc6+ Kd8 60. e6 {Accuracy: White = 79%, Black = 36%.} 1-0

[Event "GAMMA Reykjavik Open 2019"]
[Site "Reykjavik"]
[Date "2019.04.15"]
[Round "8.14"]
[White "Salles, Louis"]
[Black "Hjartarson, Johann"]
[Result "0-1"]
[WhiteElo "2221"]
[BlackElo "2520"]
[Annotator "TA"]
[PlyCount "84"]
[EventDate "2019.04.04"]
[EventType "swiss"]
[EventCountry "ISL"]
[SourceTitle "playchess.com"]
[Source "ChessBase"]
[SourceQuality "1"]

{[%evp 19,84,37,33,33,52,0,3,4,6,-6,0,0,22,4,14,0,0,-16,15,0,0,0,4,8,0,12,6,-29,-29,-35,64,66,52,0,0,-129,-139,-170,-191,-237,-243,-415,-424,-465,-465,-465,-465,-497,-465,-464,-408,-392,-397,-700,-686,-29984,-12831,-29968,-29969,-29959,-12822,-29993,-29994,-29994,-29995,-29995,-29996]} 1. Nf3 Nf6 2. c4 b6 3. g3 c5 4. Bg2 Bb7 5. O-O g6 6. b3 Bg7 7. Bb2 O-O 8. d4 cxd4 9. Qxd4 d6 10. Nc3 Nbd7 11. Qd2 {A30: Symmetrical English: Double Fianchetto and Hedgehog} a6 12. Ne1 $146 (12. Nd4 $14 Qc7 13. Nd5 Nxd5 14. cxd5) ({Predecessor:} 12. Rfd1 Rc8 13. Rac1 Re8 14. Ne1 Qc7 15. Nd5 Qb8 16. Bh3 Ne4 17. Qc2 Bxb2 18. Qxb2 e6 {½-½ (41) Svidler,P (2760)-Gelfand,B (2695) Moscow 2018}) 12... Bxg2 13. Kxg2 {The position is equal.} Rb8 14. a4 Nc5 15. Qc2 Qd7 16. f3 Rfc8 17. Rd1 Qb7 18. e4 h5 19. Ba1 Ne8 20. Nd3 b5 21. axb5 axb5 22. Nxb5 {White wants to play Bxg7.} Nxe4 23. Bxg7 Nxg7 24. Qe2 Ng5 ({Better is} 24... Nf6 $15) 25. Nf4 Nf5 26. Rd5 (26. Nd5 $14 Rc5 27. b4 Rxb5 28. cxb5) 26... e5 $11 27. Nxd6 (27. Nxh5 $11 {remains equal.} gxh5 28. Qd3) 27... Nxd6 $17 28. Qxe5 Nf5 {[#] Strongly threatening ...Re8.} 29. Nxh5 {Threatening Nf6+.} Nh7 ({And not} 29... Qxb3 30. Nf6+ Kh8 31. Ne4+ Kg8 32. Nf6+ Kf8 33. Nd7+ Kg8 34. Nf6+ $11) 30. Re1 $2 (30. Rb5 Qa7 31. Rxb8 Qxb8 32. Re1) 30... Qxb3 $19 ({Weaker is} 30... gxh5 31. Rb5 $11) 31. c5 Re8 32. Qxe8+ Rxe8 33. Rxe8+ Nf8 34. Rdd8 gxh5 35. Rxf8+ Kg7 36. Rh8 $2 (36. Rg8+ Kf6 37. Rd2) 36... Qc2+ 37. Kh3 Ne3 (37... Qe2 $142 38. Rdg8+ Kf6 39. Rxh5 Ne3 40. Rh6+ Ke7 41. Ra6 Qg2+ 42. Kh4 Qxh2+ 43. Kg5 Qxg3+ {[%mdl 64] Double Attack} 44. Kh5 Qxg8 45. Rb6 Qg3 46. Rc6 Nf5 47. Rc7+ Kf6 48. Rxf7+ Kxf7 49. c6 Qh4#) 38. Rdg8+ Kf6 39. Rh6+ Ke7 {( -> ...Qf5+)} 40. Rxh5 Qg2+ {[%mdl 64] [#] Double Attack. Black mates.} 41. Kh4 Qxh2+ 42. Kg5 Qxg3+ {[%mdl 64] Double Attack. Accuracy: White = 28%, Black = 67%.} 0-1

[Event "GAMMA Reykjavik Open 2019"]
[Site "Reykjavik"]
[Date "2019.04.15"]
[Round "8.15"]
[White "Kanarek, Marcel"]
[Black "Tania, Sachdev"]
[Result "1/2-1/2"]
[WhiteElo "2505"]
[BlackElo "2397"]
[Annotator "TA"]
[PlyCount "114"]
[EventDate "2019.04.04"]
[EventType "swiss"]
[EventCountry "ISL"]
[SourceTitle "playchess.com"]
[Source "ChessBase"]
[SourceQuality "1"]

{[%evp 20,114,33,16,45,43,54,38,54,42,40,31,40,34,60,34,40,4,18,-11,5,5,14,-7,-14,-40,0,-3,-2,0,-4,-12,0,-35,-31,-41,-23,-33,-36,-64,-72,-72,-48,-143,-156,-152,-150,-136,-135,-158,-152,-136,-83,-85,-94,-102,-94,-147,-122,-178,-129,-175,-106,-245,-245,-245,-245,-245,-245,-377,-362,-395,-244,-243,-160,-148,-10,-10,-10,-10,-10,-10,-10,-10,-10,-10,-8,-8,-8,-8,-8,-8,-8,-8,-8,-8,-8]} 1. e4 e5 2. Nf3 Nc6 3. Bb5 a6 4. Ba4 Nf6 5. d3 d6 6. c3 g6 7. O-O Bg7 8. h3 {C77: Ruy Lopez: 3...a6 4 Ba4 Nf6, unusual lines} O-O 9. Be3 b5 10. Bc2 Bb7 (10... d5 11. Nbd2 Re8 12. a4 Rb8 13. Re1 b4 14. a5 bxc3 15. bxc3 h6 {½-½ (62) Caruana,F (2828)-Postny,E (2623) chess.com INT 2019}) 11. Nbd2 {LiveBook: 13 Games} Qd7 $146 ({Predecessor:} 11... Re8 12. a4 b4 13. a5 Rb8 14. Re1 {½-½ (14) Nisipeanu,L (2671)-Ernst,S (2541) Maastricht 2018}) 12. a4 Kh8 13. Re1 Ng8 14. d4 exd4 15. Nxd4 Nxd4 16. cxd4 Rfe8 17. b4 Ne7 18. Bb3 f5 19. e5 dxe5 20. dxe5 Bxe5 21. Bg5 Ng8 $1 {[%cal Be7g8,Bg8f6,Bf6d5][%mdl 32] Threatening ...h6.} 22. Rc1 Bg7 23. Rxe8 Rxe8 $40 {[%mdl 128] Black mounts an attack.} 24. axb5 axb5 25. Qc2 Nf6 26. Nf1 Nd5 {aiming for ...Nc3.} 27. Rd1 c6 {[%cal Bc7c6,Bc6d5,Bd5d4][%mdl 32]} 28. Qc5 h6 29. Bxd5 cxd5 30. Be3 Qc6 31. Rc1 (31. Nh2 $15) 31... Qxc5 $17 32. Rxc5 d4 33. Bd2 Re5 $1 34. Rxe5 Bxe5 35. Bxh6 {[%mdl 4096] Endgame KBB-KBN} f4 ({Black should play} 35... Bd6 36. Bd2 Kg7) 36. g3 fxg3 37. fxg3 Kg8 38. Kf2 (38. Bf4 $142 Bf6 39. Kf2) 38... Kf7 39. g4 (39. Nd2 $17) 39... Ke6 40. h4 Bc6 ({Better is} 40... Kd5 $1 $19 41. h5 gxh5 42. gxh5 Bc6) 41. h5 (41. Bf8 $17 {was worth a try.}) 41... gxh5 $19 42. gxh5 Be8 $1 43. Ng3 {[#]} Kd5 $1 44. Bd2 {[#]} (44. Bf8 $142) 44... Kc4 $1 {[%cal Rc4d3]} 45. h6 Bg6 46. Ne2 Bd6 47. Nf4 Bxf4 (47... Bf5 $17 48. Kf3 Bxb4 49. Bxb4 Kxb4 50. Nd5+ Kc5) 48. Bxf4 $11 {The position is equal.} Kxb4 $17 {Threatens to win with ...Kc3. KB-KB} 49. Ke2 Kc3 {White must now prevent ...b4.} 50. Kd1 b4 {Hoping for ...b3.} 51. Kc1 $1 Bh7 52. Bg5 $1 b3 53. Bd2+ Kd3 {( -> ...b2+!)} 54. Ba5 Ke2 55. Kb2 d3 56. Kxb3 d2 {[#]} 57. Bxd2 $1 {[%mdl 512]} Kxd2 {Precision: White = 46%, Black = 67%.} 1/2-1/2

[Event "GAMMA Reykjavik Open 2019"]
[Site "Reykjavik"]
[Date "2019.04.15"]
[Round "8.16"]
[White "Van Foreest, Jorden"]
[Black "Borocz, Istvan"]
[Result "1-0"]
[WhiteElo "2598"]
[BlackElo "2350"]
[Annotator "TA"]
[PlyCount "65"]
[EventDate "2019.04.04"]
[EventType "swiss"]
[EventCountry "ISL"]
[SourceTitle "playchess.com"]
[Source "ChessBase"]
[SourceQuality "1"]

{[%evp 15,65,22,75,46,48,56,53,52,74,53,89,52,122,118,119,124,118,126,125,128,126,104,142,150,205,137,171,156,135,132,142,120,135,133,133,101,391,377,392,397,400,400,646,641,1353,1290,29985,29986,29985,6039,29971,2795]} 1. e4 c5 2. Nf3 d6 3. d4 cxd4 4. Nxd4 Nf6 5. Nc3 a6 6. h3 e6 7. g4 h6 8. Bg2 g5 (8... Be7 $11 {keeps the balance.}) 9. b3 {B81: Sicilian Scheveningen: Keres Attack} Nbd7 10. Bb2 Ne5 11. Qd2 {White is slightly better.} Bd7 (11... Be7 12. O-O-O Bd7 13. Nce2 b5 14. f4 gxf4 15. Nxf4 a5 16. Rhe1 {0-1 (37) Grischuk,A (2766)-Duda,J (2737) chess.com INT 2018}) 12. O-O-O Rc8 $146 ({Predecessor:} 12... Qc7 13. Kb1 Ng6 14. Nde2 Be7 15. f4 gxf4 16. Nxf4 Ne5 {½-½ (26) Oparin,G (2609)-Jumabayev,R (2610) Barcelona 2017}) 13. Kb1 b5 ({Black should play} 13... Ng6 $14) 14. Nce2 Be7 15. f4 gxf4 16. Nxf4 ({Much less strong is} 16. Qxf4 Qb6 $14) 16... Qc7 17. Rhf1 Rg8 18. Qe2 Rg5 19. Nd3 Bc6 (19... Nxd3 $16 20. cxd3 (20. Rxd3 Rc5 $16) 20... a5) 20. h4 Rg8 21. Nxe5 dxe5 22. Nxc6 Qxc6 23. g5 hxg5 24. Bxe5 Nd7 25. Bb2 $36 {[%mdl 2048] Threatens to win with h5. White is on the roll.} ({Weaker is} 25. Rxd7 Qxd7 26. Rd1 Qa7 $11) 25... g4 $2 {[%mdl 8192]} (25... gxh4 $16 26. Rf2 Qc5) 26. Qf2 $18 Rf8 27. e5 Qc7 28. h5 Nb6 (28... Bb4 $142 29. Qd4 {[%mdl 64] Double Attack} Ba5) 29. h6 Bg5 30. h7 {White threatens Bc6+! and mate.} Rh8 {[#]} 31. Bc6+ $1 {[%mdl 512]} Kf8 {[#]} (31... Qxc6 32. Qxf7#) 32. Rd7 $1 {[%mdl 512]} Rxh7 (32... Nxd7 33. Qxf7#) 33. Rxc7 {Accuracy: White = 79%, Black = 29%.} 1-0

[Event "GAMMA Reykjavik Open 2019"]
[Site "Reykjavik"]
[Date "2019.04.15"]
[Round "8.17"]
[White "Christiansen, Johan-Sebastian"]
[Black "Van de Plassche, Bas"]
[Result "1-0"]
[WhiteElo "2571"]
[BlackElo "2376"]
[Annotator "ChessBase"]
[PlyCount "21"]
[EventDate "2019.04.04"]
[EventType "swiss"]
[EventCountry "ISL"]
[SourceTitle "playchess.com"]
[Source "ChessBase"]
[SourceQuality "1"]
[TimeControl "40/5400+30:1800+30"]

1. Nf3 {[%emt 0:00:48]} c5 {[%emt 0:00:11]} 2. c4 {[%emt 0:01:09]} Nc6 {[%emt 0:00:00]} 3. Nc3 {[%emt 0:01:01]} e5 {[%emt 0:00:01]} 4. e3 {[%emt 0:03:05]} Nf6 {[%emt 0:01:09]} 5. d4 {[%emt 0:01:24]} cxd4 {[%emt 0:00:51]} 6. exd4 {[%emt 0:00:06]} e4 {[%emt 0:00:04]} 7. Ne5 {[%emt 0:01:09]} Bb4 {[%emt 0:00:26]} 8. Be2 {[%emt 0:00:45]} Qa5 {[%emt 0:00:57]} 9. O-O {[%emt 0:01:26]} Nxe5 {[%emt 0:02:34]} 10. dxe5 {[%emt 0:00:03]} Qxe5 {[%emt 0:00:08]} 11. Bd2 {[%emt 0:00:50]} 1-0